000 01096nam a22002057a 4500
999 _c190882
_d190882
005 20220808161314.0
010 _aENG-134358
020 _a9789393737397
_c1250.00
035 _aEN-117890
037 _bDBAD/PUB
082 _a574
100 _aMahalakshmi, S.
245 _aCompenndium of Chapters in Modern Bodren Biology/
_cS. Mahalakshmi, M. Vijayapriya and J. Jayachitra
260 _aTamil Nadu
_bShanlax Publications
_c2021
270 _a61, 66 T.P.K. Main Road, Vasantha Nagar
_bMadurai
_e625003
300 _a457p.
_c24cm(pbk)
700 _aVijayapriya, M.
700 _aJayachitra, J.
942 _2ddc
_cEN
_h574
_mMAH